Emberhez méltó életért

Bibliographic Details
Main Author: Szeberényi, Zoltán (Author)
Format: Article
Language:Hungarian
Subjects:

MARC

LEADER 00000nab a2200000 a 4500
001 vtls000309940
003 SK-MaSNL
005 20260319074846.0
008 160215c1988 xo 0 hun
015 |a SNBRB19rr/mm-uuuuu 
035 |a CL0320061 
040 |a SNKBUCL  |b slo  |c SNKBUCL  |e AACR2 
041 0 |a hun 
044 |a xo  |c SK 
080 |a 82:929:894.511 (437)  |2 1981 
080 |a 929  |2 1981 
080 |a 894.511 (437)  |2 1981 
080 |a 929 Ordódy, Katalin  |2 1981 
100 1 |a Szeberényi, Zoltán  |4 aut  |9 280241 
245 1 0 |a Emberhez méltó életért  |c Zoltán Szeberényi ; Katalin Ordódy 
300 |b Obr. 1. 
600 1 7 |a Ordódy, Katalin  |d 1918-  |x život a dielo - profily  |2 snkbucl  |9 942005 
650 0 7 |a Ordódy, Katalin  |2 snkbucl  |9 942006 
655 7 |a články z novín a časopisov  |2 snkbucl  |9 267496 
655 7 |a články z odboru literárna veda a krásna literatúra  |2 snkbucl  |9 770045 
773 0 |t Új szó  |g Roč. 41, č. 41 (19. 2. 1988), s. 6 
850 |a Slovenská národná knižnica v Martine  |a MTA001 
852 |a SNK  |b KIS3GCP 
958 |a BX 
958 |a RK 
958 |a HU 
958 |a LX 
992 |a RBX 
999 |c 1503021  |d 1504951